000 00777nam0a22002531 4500
001 rc\4184335
005 20260407064727.0
021 _aRU
_b[53-25752]
035 _a(NLR Aleph) 008002281
090 _a8647433
_c8647433
100 _a20130415d1953 |||y0rusy50 ca
101 0 _arus
102 _aRU
105 _aa z |||a|
200 1 _aВишенки
_e[Стихи
_eДля дошкольного возраста
_fИл.: Л. Худяк
210 _aКиев]
_cМолодь
_d[1953]
215 _a12 с.
_cил.
_d26
700 1 _8rus
_7ca
_aУкраинка
_bЛ.
_f1871-1913
_gЛеся
_3RU\NLR\auth\7715175
_9124833
702 1 _aХудяк
_bЛ.
_4440
801 0 _aRU
_bNLR
_gpsbo
801 1 _aRU
_bELAR
_2rusmarc
852 _aNLR
_jДл02 Г-8/962
942 _cBOOK
980 _aNB